[Event "R5-A-CEIT/Muret Gambit"]
[Site "?"]
[Date "2003.01.19"]
[Round "4.4"]
[White "Lenoir, Patrice"]
[Black "Fora, Jean Paul"]
[Result "1-0"]
[WhiteElo "1450"]
[BlackElo "1680"]
[EventDate "2002.12.22"]
[PlyCount "135"]
[SourceDate "2002.12.17"]

1.c4 e5 2.g3 d6 3.Bg2 f5 4.d3 Nf6 5.Nc3 Be7 6.f4 exf4 7.Bxf4 O-O 8.Nh3 Nh5
9.Bd2 c6 10.O-O Na6 11.a3 Qb6+ 12.e3 g6 13.b4 Qd8 14.Rb1 Nc7 15.Ne2 d5 16.
cxd5 Nxd5 17.Nc3 Nxc3 18.Bxc3 Bf6 19.Qb3+ Kh8 20.Bxf6+ Nxf6 21.Qc3 Qe7 22.
Rbe1 Bd7 23.e4 Qg7 24.Re2 Rae8 25.e5 Ng8 26.d4 Be6 27.Rd1 Ne7 28.Nf4 Qf7 
29.Rc2 Nd5 30.Nxd5 Bxd5 31.Bxd5 Qxd5 32.Qe3 Rf7 33.Rc5 Qe6 34.Rc2 Rfe7 35.
Rdc1 Rd8 36.Rd2 Rd5 37.Rc5 Red7 38.Rxd5 Rxd5 39.Kf2 a5 40.Qb3 axb4 41.axb4
Qd7 42.Qe3 Qe7 43.Rb2 Rb5 44.Qd2 Qd8 45.Ra2 Rd5 46.Ke3 Qb6 47.Ra5 Rd7 48.
e6 Re7 49.Re5 Qc7 50.Qc3 Qd8 51.d5 Qb6+ 52.Qd4 Qxd4+ 53.Kxd4 cxd5 54.Kxd5 
Kg7 55.Kd6 Kf6 56.b5 h6 57.Re2 g5 58.Re1 f4 59.gxf4 gxf4 60.Re4 Kf5 61.
Rxf4+ Kxf4 62.Kxe7 Ke5 63.Kd7 Kd5 64.e7 Kc5 65.Kd8 Kxb5 66.e8=Q+ Kb6 67.
Qg6+ Ka7 68.Kc7 1-0

[Event "R6Ronde4 Muret3-Tournefeuille3"]
[Site "?"]
[Date "2003.01.19"]
[Round "4.3"]
[White "BARRAUD, Claudine"]
[Black "EGEA, Claude"]
[Result "1-0"]
[WhiteElo "1230"]
[BlackElo "1620"]
[PlyCount "83"]

1.e4 e5 2.Nf3 d5 3.exd5 Bd6 4.Nc3 Bf5 5.Bb5+ Nd7 6.O-O Qe7 7.Re1 O-O-O 8.
d4 f6 9.dxe5 Nxe5 10.Nxe5 fxe5 11.Ne4 Bxe4 12.Qg4+ Kb8 13.Qxe4 h6 14.c4 
Nf6 15.Qc2 Rdf8 16.f3 Nh5 17.Be3 Bc5 18.Qb3 Bxe3+ 19.Rxe3 Qc5 20.Bc6 b6 
21.Kh1 a6 22.Rxe5 Nf4 23.Rae1 Qd6 24.R1e4 Qg6 25.g3 Nh5 26.f4 Nf6 27.Re6 
Qg4 28.Re1 Qh3 29.Qc2 Qh5 30.Qe2 Qg6 31.a4 Ka7 32.b4 Rd8 33.a5 Qf5 34.
axb6+ cxb6 35.Re7+ Kb8 36.Rb7+ Kc8 37.Rxb6 Nd7 38.Bxd7+ Qxd7 39.Qe5 Qc7 
40.Rc6 Qxc6 41.dxc6 Rhg8 42.Ra1 1-0

[Event "R5-A-Muret Gambit/CEIT"]
[Site "?"]
[Date "2003.01.19"]
[Round "1.4"]
[White "Partinico, Jeremy"]
[Black "Laffont, Jean-Christophe"]
[Result "1-0"]
[WhiteElo "1650"]
[BlackElo "1570"]
[EventDate "2002.12.22"]
[PlyCount "69"]
[SourceDate "2002.12.17"]

1.e4 d6 2.d4 g6 3.Nf3 Bg7 4.Bc4 Nf6 5.Nc3 O-O 6.Be3 Bg4 7.h3 Bxf3 8.Qxf3 
c6 9.O-O-O Qc7 10.g4 b5 11.Bxb5 Nbd7 12.Bc4 c5 13.d5 Ne5 14.Qe2 Nxc4 15.
Qxc4 Rab8 16.Rdg1 Rb4 17.Qd3 Rfb8 18.b3 c4 19.Qd2 cxb3 20.axb3 Nxe4 21.
Nxe4 Rxe4 22.Qd3 Reb4 23.Kd1 R4b5 24.Ke2 Qb7 25.Rd1 Qa6 26.h4 Qa2 27.h5 
Rxb3 28.Qe4 Qa6+ 29.Kf3 R3b7 30.hxg6 fxg6 31.Qe6+ Kf8 32.Rxh7 Qc4 33.Bh6 
Qc3+ 34.Kg2 Qxc2 35.Rh8# 1-0

[Event "R6Ronde4 Ramonville2-Loures-Barousse"]
[Site "?"]
[Date "2003.01.19"]
[Round "4.3"]
[White "Ha, Michael"]
[Black "Gosselin, Vincent"]
[Result "0-1"]
[WhiteElo "1220"]
[BlackElo "1499"]
[EventDate "2003.??.??"]
[PlyCount "56"]

1.c4 e5 2.Nc3 Nc6 3.g3 Nf6 4.Bg2 Bc5 5.e3 d5 6.cxd5 Nb4 7.e4 Nd3+ 8.Kf1 
Nxf2 9.Qe2 Nxh1 10.Bxh1 O-O 11.Nf3 Ng4 12.d3 f5 13.Bg2 fxe4 14.dxe4 Nxh2+ 
15.Ke1 Bg4 16.Qc4 Nxf3+ 17.Bxf3 Bxf3 18.Qxc5 Qf6 19.Qe3 Bg4 20.Kd2 Qf1 21.
Kc2 Rf2+ 22.Kb3 Raf8 23.Qxa7 Bd1+ 24.Kb4 Qd3 25.Qxb7 Qd4+ 26.Ka3 Qc5+ 27.
Qb4 Ra8+ 28.Na4 Rxa4# 0-1

[Event "R6Ronde4 Rodez2-Cate2"]
[Site "?"]
[Date "2003.01.19"]
[Round "4.1"]
[White "MALART, Jacques"]
[Black "GRIHON, Stephane"]
[Result "0-1"]
[WhiteElo "1499"]
[BlackElo "1540"]
[PlyCount "86"]

1.c4 c5 2.Nc3 Nf6 3.g3 e5 4.Bg2 Nc6 5.d3 d6 6.e4 Bg4 7.Bf3 Bd7 8.Nge2 Bh3 
9.Ng1 Qd7 10.Nxh3 Qxh3 11.Nd5 Nxd5 12.cxd5 Nd4 13.Be3 Nxf3+ 14.Qxf3 Be7 
15.O-O-O b5 16.Qf5 Qxf5 17.exf5 O-O 18.f4 f6 19.h4 a5 20.g4 h6 21.Rd2 a4 
22.Rg1 Kf7 23.g5 h5 24.fxe5 dxe5 25.gxf6 Bxf6 26.Bg5 Rad8 27.Bxf6 gxf6 28.
Rdg2 Rg8 29.Rxg8 Rxg8 30.Rxg8 Kxg8 31.Kd2 Kf7 32.Ke2 Ke7 33.Ke3 Kd6 34.Ke4
b4 35.b3 a3 36.Kf3 Kxd5 37.Ke3 Kc6 38.Ke4 Kd6 39.Ke3 Kd5 40.d4 exd4+ 41.
Kf4 Kc6 42.Ke4 Kd6 43.Kf3 Ke5 0-1

[Event "R6Ronde4 Rodez2-Cate2"]
[Site "?"]
[Date "2003.01.19"]
[Round "4.3"]
[White "GOND, Christophe"]
[Black "PORTOIS, Valentin"]
[Result "1-0"]
[WhiteElo "1499"]
[BlackElo "1199"]
[PlyCount "77"]

1.e4 e5 2.Nf3 Nf6 3.Nc3 Bc5 4.Nxe5 O-O 5.d4 d6 6.Nf3 Bb4 7.Bd2 Bg4 8.Be2 
Re8 9.a3 Bxc3 10.Bxc3 Rxe4 11.O-O Qe8 12.Re1 d5 13.Ne5 Nc6 14.Bxg4 Ne7 15.
Rxe4 dxe4 16.b3 Ned5 17.Bd2 Rd8 18.c4 Nb6 19.Bg5 Qe7 20.Bf5 h6 21.Bxf6 
Qxf6 22.Bxe4 a5 23.Bxb7 c5 24.Ng4 Qf5 25.d5 Rd6 26.Qe2 Rg6 27.h3 a4 28.b4 
h5 29.Ne3 Qe5 30.Re1 Qe4 31.f3 Qe7 32.Ba6 Qf6 33.bxc5 Qc3 34.Nc2 Rg3 35.
cxb6 f5 36.Qe5 Qxf3 37.Qe2 g5 38.Qxf3 Rxf3 39.gxf3 1-0

[Event "R6Ronde4 Vic Bigorre-Foix"]
[Site "?"]
[Date "2003.01.19"]
[Round "4.2"]
[White "Masot, Liberto"]
[Black "Audouard, Dany"]
[Result "1-0"]
[WhiteElo "1790"]
[BlackElo "1299"]
[EventDate "2003.??.??"]
[PlyCount "57"]

1.e4 e5 2.Nf3 Nc6 3.c3 d5 4.Bb5 dxe4 5.Nxe5 f6 6.Nxc6 Qd7 7.Nd4 c6 8.Bc4 
Ne7 9.O-O Nd5 10.f3 e3 11.dxe3 Bd6 12.f4 O-O 13.e4 b5 14.Bb3 Bc5 15.exd5 
cxd5 16.Qf3 Bb7 17.f5 Rae8 18.Kh1 Re4 19.Ne6 Re8 20.Nxc5 Qc6 21.Nxb7 Qxb7 
22.Bf4 Re1 23.Bxd5+ Kh8 24.Bxb7 R8e2 25.Ba6 Re7 26.Bc7 R1e2 27.Bxb5 Rxb2 
28.Qa8+ Re8 29.Qxe8# 1-0

[Event "R6Ronde4 Ramonville2-Loures-Barousse"]
[Site "?"]
[Date "2003.01.19"]
[Round "4.2"]
[White "DURAND, Stephane"]
[Black "BERTRAND, Guillaume"]
[Result "1-0"]
[WhiteElo "1450"]
[BlackElo "1390"]
[PlyCount "57"]

1.e4 e5 2.Nf3 Nc6 3.Bc4 Bc5 4.d3 h6 5.Nc3 d6 6.h3 Nge7 7.Ne2 f5 8.c3 fxe4 
9.dxe4 Rf8 10.Ng3 a6 11.Nh5 Ng8 12.Nxg7+ Ke7 13.O-O Rf6 14.Nh4 Qf8 15.Nh5 
Bd7 16.Nxf6 Qxf6 17.Qh5 Re8 18.Nf5+ Kd8 19.Nxh6 Kc8 20.Bxg8 Ne7 21.Bc4 Ng6
22.Bg5 Qg7 23.Bf7 Rh8 24.Bxg6 c6 25.Bf5 d5 26.Bxd7+ Qxd7 27.Rad1 Qe6 28.
Qh4 Bf8 29.Qg4 1-0

[Event "R6Ronde4 Albi3-Sainte-Foy2"]
[Site "?"]
[Date "2003.01.19"]
[Round "4.3"]
[White "MARTINEZ, Christian"]
[Black "BADEZ, Simon"]
[Result "1-0"]
[WhiteElo "1200"]
[BlackElo "1199"]
[PlyCount "30"]

1.e4 c5 2.Nf3 Nc6 3.d4 d6 4.Bb5 Nf6 5.d5 Qc7 6.dxc6 bxc6 7.Bd3 e5 8.O-O 
Be7 9.h3 O-O 10.Re1 Qa5 11.Bd2 Qa4 12.b3 Qxe4 13.Bxe4 Bd8 14.Bxc6 Rb8 15.
c4 d5 
    ( 15...e4 16.Bxe4 Re8 17.Qc2 Nh5 18.Bxh7+ Kh8 )
1-0

[Event "R6Ronde4 Ramonville2-Loures-Barousse"]
[Site "?"]
[Date "2003.01.19"]
[Round "4.1"]
[White "RIZZO, Carlo"]
[Black "CONDEMINAS, Christian"]
[Result "1-0"]
[WhiteElo "1560"]
[BlackElo "1650"]
[PlyCount "47"]

1.c4 Nf6 2.Nc3 b6 3.Nf3 Bb7 4.d4 e6 5.g3 d5 6.cxd5 Nxd5 7.Bg2 Bb4 8.Bd2 
O-O 9.O-O Nxc3 10.bxc3 Be7 11.Qc2 Qd5 12.Ne1 Qh5 13.Bxb7 Nd7 14.Bxa8 Rxa8 
15.Qe4 Rf8 16.Qf3 Qh3 17.Qg2 Qh5 18.f3 Nf6 19.e4 Rd8 20.Nd3 c5 21.Nf4 Qh6 
22.Nxe6 Qh5 23.Nxd8 Bxd8 24.d5 1-0

[Event "R6Ronde4 Vic Bigorre-Foix"]
[Site "?"]
[Date "2003.01.19"]
[Round "4.4"]
[White "MAUGE, Christian"]
[Black "REIGNIER-PRIMET, Richard"]
[Result "1-0"]
[WhiteElo "1499"]
[BlackElo "1199"]
[PlyCount "47"]

1.b4 d5 2.Bb2 Nc6 3.a3 e5 4.e3 g6 5.Bb5 Bd7 6.Bxc6 Bg7 7.Bxd7+ Qxd7 8.Nf3 
O-O-O 9.Bxe5 Bxe5 10.Nxe5 Qe6 11.d4 f6 12.Nd3 f5 13.Nc3 Qc6 14.O-O Qxc3 
15.Ne5 Rf8 16.Qf3 Nf6 17.Qe2 a5 18.Qb5 axb4 19.axb4 c6 20.Qb6 Nd7 21.Nxd7 
Kxd7 22.Qxb7+ Kd6 23.Ra7 Rd8 24.Qe7# 1-0

[Event "R6Ronde4 Vic Bigorre-Foix"]
[Site "?"]
[Date "2003.01.19"]
[Round "4.3"]
[White "THIMONIER, Victor"]
[Black "CARINOLA, Raphael"]
[Result "0-1"]
[WhiteElo "1199"]
[BlackElo "1580"]
[PlyCount "66"]

1.d4 Nf6 2.c4 d5 3.Bf4 e6 4.e3 Nbd7 5.Nf3 c5 6.Nc3 cxd4 7.exd4 Bb4 8.a3 
Ba5 9.Bd3 dxc4 10.Bxc4 a6 11.O-O b5 12.Bd3 Bb7 13.b4 Bb6 14.Bc2 Rc8 15.Qd3
h6 16.Rfe1 Nd5 17.Nxd5 Bxd5 18.Bb3 Nf6 19.Rad1 O-O 20.Bxd5 Nxd5 21.Qd2 Rc3
22.Re5 Rc7 23.Bxh6 f6 24.Rxe6 gxh6 25.Qxh6 Rh7 26.Qg6+ Rg7 27.Qh6 Bc7 28.
g3 Re8 29.Rde1 Rxe6 30.Rxe6 a5 31.bxa5 Bxa5 32.Qh5 Nc7 33.Qc5 Nxe6 0-1

[Event "R6Ronde4 Vic Bigorre-Foix"]
[Site "?"]
[Date "2003.01.19"]
[Round "4.1"]
[White "DINTRANS, Francois"]
[Black "LANLLIER, Bruno"]
[Result "0-1"]
[WhiteElo "1499"]
[BlackElo "1890"]
[PlyCount "66"]

1.e4 e6 2.d3 d5 3.Nd2 c5 4.Ngf3 Nc6 5.c3 Nf6 6.Be2 b6 7.b4 cxb4 8.cxb4 
Bxb4 9.a3 Be7 10.e5 Nd7 11.Bb2 Ba6 12.Qa4 Bb7 13.Qg4 O-O 14.d4 Rc8 15.h4 
Na5 16.h5 f5 17.Qh3 Rc2 18.Rb1 Qc8 19.h6 g6 20.Nh4 Bxh4 21.Qxh4 Qd8 22.Nf3
Qxh4 23.Nxh4 Rfc8 24.Bb5 Rxb2 25.Rxb2 Rc1+ 26.Ke2 Rxh1 27.g3 Nf8 28.Rc2 
Nc4 29.Rc3 Ra1 30.a4 Ra3 31.Rxa3 Nxa3 32.Bd3 Bc6 33.Bc2 Nxc2 0-1

[Event "R5 Montech-Montauban"]
[Site "?"]
[Date "2003.01.19"]
[Round "4"]
[White "JOURDA, Dominique"]
[Black "TRUONG, Thierry"]
[Result "1/2-1/2"]
[WhiteElo "1470"]
[BlackElo "1380"]
[PlyCount "129"]

1.e4 e6 2.d4 d6 3.Nf3 Nc6 4.Bb5 Bd7 5.O-O Nf6 6.Re1 a6 7.Ba4 b5 8.Bb3 Na5 
9.c3 Be7 10.Bc2 O-O 11.b3 c5 12.Nbd2 d5 13.dxc5 dxe4 14.Nxe4 Nxe4 15.Bxe4 
Nc6 16.b4 f5 17.Bc2 Bf6 18.Bb2 Nxb4 19.Bb3 Nc6 20.Bxe6+ Bxe6 21.Rxe6 Qxd1+
22.Rxd1 Rac8 23.Nd4 Rfd8 24.Rd6 Rxd6 25.cxd6 Nxd4 26.cxd4 Rc2 27.Ba3 Kf7 
28.d7 Rxa2 29.Bc5 a5 30.g3 Bd8 31.Re1 b4 32.Re8 Bf6 33.Ra8 b3 34.Rf8+ Ke6 
35.Rxf6+ Kxd7 36.Rb6 b2 37.Kg2 a4 38.h4 a3 39.Bxa3 Rxa3 40.Rxb2 Ke6 41.
Re2+ Kf6 42.Re3 Ra4 43.Rd3 Ke6 44.Kf3 g6 45.Ke3 Kd5 46.f3 h6 47.g4 fxg4 
48.fxg4 h5 49.Kf4 Ra6 50.gxh5 gxh5 51.Kg5 Ra5 52.Kh6 Ke4 53.Rg3 Kxd4 54.
Rg5 Ra6+ 55.Kxh5 Ke4 56.Kg4 Ra1 57.Kh5 Kf4 58.Rg6 Kf5 59.Kh6 Ra8 60.Rg5+ 
Kf6 61.Kh5 Ra4 62.Rg2 Kf7 63.Rf2+ Kg7 64.Kg5 Ra5+ 65.Rf5 1/2-1/2

[Event "Millau-Ste Foy"]
[Site "?"]
[Date "2003.01.19"]
[Round "4"]
[White "TRANCOSO, Mickael"]
[Black "SICRET, Francis"]
[Result "0-1"]
[WhiteElo "1630"]
[BlackElo "1460"]
[PlyCount "44"]

1.e4 e5 2.Nf3 Nc6 3.Bb5 a6 4.Ba4 Nf6 5.d3 Bc5 6.O-O b5 7.Bb3 O-O 8.c3 d6 
9.h3 a5 10.a4 b4 11.Be3 Bxe3 12.fxe3 Rb8 13.Nbd2 d5 14.d4 exd4 15.cxd4 
dxe4 16.Ng5 Qe7 17.Qc2 Bb7 18.Ndxe4 Nxe4 19.Nxe4 Rbe8 20.Nc5 Qxe3+ 21.Kh1 
Nxd4 22.Qc4 Qxh3+ 0-1

[Event "Millau-Ste Foy"]
[Site "?"]
[Date "2003.01.19"]
[Round "4"]
[White "BOULOGNE, Laurent"]
[Black "CHORAZY, Andre"]
[Result "1-0"]
[WhiteElo "1620"]
[BlackElo "1760"]
[PlyCount "97"]

1.c4 c6 2.g3 Nf6 3.Bg2 e5 4.Nf3 e4 5.Nd4 c5 6.Nb3 Nc6 7.Nc3 Ne5 8.Nxe4 
Nxe4 9.Bxe4 Nxc4 10.Qc2 d5 11.Bg2 b6 12.f4 g6 13.d3 Na5 14.Nxa5 bxa5 15.
Qc3 d4 16.Qc2 Rb8 17.Bd2 Bd7 18.O-O Be7 19.b3 O-O 20.Rac1 Qb6 21.Rfe1 Rbc8
22.e3 Bc6 23.exd4 Bxg2 24.Kxg2 Qb7+ 25.Kf2 cxd4 26.Qb2 Rxc1 27.Rxc1 Qd5 
28.Qc2 Ba3 29.Re1 Bb4 30.Bxb4 axb4 31.Qc4 Qxc4 32.dxc4 Kg7 33.Re5 Rd8 34.
Rd5 Rxd5 35.cxd5 Kf6 36.Ke2 Ke7 37.Kd3 a5 38.Kxd4 Kd6 39.Kc4 f6 40.h3 g5 
41.f5 h5 42.g4 hxg4 43.hxg4 Kd7 44.Kc5 Kc7 45.d6+ Kd7 46.Kd5 Kd8 47.Ke6 
Ke8 48.Kxf6 Kd7 49.Ke5 1-0

[Event "Blaye-Castel/Moissac"]
[Site "?"]
[Date "2003.01.19"]
[Round "4"]
[White "GAYRAUD Christian"]
[Black "DUHON Jean-noel"]
[Result "1-0"]
[WhiteElo "1530"]
[BlackElo "1300"]
[PlyCount "128"]

1.e4 e5 2.Nf3 Nc6 3.Bc4 Nf6 4.Ng5 d5 5.exd5 Nxd5 6.Nxf7 Kxf7 7.Qf3+ Ke7 8.
Bxd5 Be6 9.Bxc6 bxc6 10.Qxc6 Bd7 11.Qe4 Ke8 12.Qxe5+ Qe7 13.Qxe7+ Kxe7 14.
Nc3 Re8 15.O-O Kd8 16.d4 Kc8 17.Bf4 g6 18.Nd5 Bc6 19.Nxc7 Re4 20.Bg3 Rxd4 
21.Ne6 Rd2 22.Nxf8 Rxf8 23.Rac1 Bb5 24.c4 Ba6 25.Rfe1 Rxb2 26.Rb1 Rxb1 27.
Rxb1 Kd7 28.h4 Kc6 29.Rc1 Kc5 30.Rd1 Re8 31.f3 Kxc4 32.Rd7 Ra8 33.Rxh7 Kb4
34.Bf2 Bd3 35.Rb7+ Ka3 36.Rb3+ Kxa2 37.Rxd3 a5 38.Rd6 a4 39.Rxg6 Kb1 40.
Rb6+ Kc2 41.Bc5 Ra5 42.Bb4 Rh5 43.g3 Kb3 44.Bd6+ Kc2 45.Kg2 Rh6 46.Kh3 a3 
47.Ra6 Kb3 48.Rb6+ Kc2 49.Ra6 a2 50.Rxa2+ Kb1 51.Ra6 Kc2 52.g4 Kd3 53.Ra3+
Ke2 54.Bf4 Rc6 55.g5 Kf2 56.Bg3+ Ke2 57.h5 Rc5 58.Bf4 Kf2 59.Be3+ Kxf3 60.
Bxc5+ Kf4 61.g6 Kg5 62.g7 Kxh5 63.g8=Q Kh6 64.Be3+ Kh5 1-0

[Event "Blaye-Castel/Moissac"]
[Site "?"]
[Date "2003.01.19"]
[Round "5"]
[White "OLLE JP"]
[Black "LACROIX Romain"]
[Result "1-0"]
[WhiteElo "1840"]
[BlackElo "1840"]
[PlyCount "83"]

1.e4 e5 2.Nf3 Nf6 3.Nc3 Bb4 4.Bc4 d6 5.d3 Bg4 6.h3 Be6 7.Bb3 Bxb3 8.axb3 
Nbd7 9.Be3 a6 10.O-O O-O 11.Ne2 d5 12.c3 Bd6 13.Ng3 c6 14.Qd2 Bc7 15.Rfe1 
Re8 16.b4 Nf8 17.Rad1 Ng6 18.Bg5 h6 19.Bxf6 Qxf6 20.Qe3 a5 21.exd5 axb4 
22.Ne4 Qe7 23.dxc6 bxc6 24.Ra1 Reb8 25.d4 f5 26.Nc5 e4 27.Nd2 Bf4 28.Qe2 
bxc3 29.bxc3 Rxa1 30.Rxa1 Rb2 31.Qc4+ Kh7 32.Nf1 e3 33.Nd3 exf2+ 34.Kh1 
Re2 35.Ra2 Nh4 36.Nxf4 Rxa2 37.Qxa2 Qe1 38.Qe2 Qxc3 39.Qxf2 Ng6 40.Nxg6 
Kxg6 41.Qg3+ Kh7 42.Qxc3 1-0

[Event "R5 Montech-Montauban"]
[Site "?"]
[Date "2003.01.19"]
[Round "4"]
[White "AUGE, Jean"]
[Black "HERISSON, Olivier"]
[Result "1-0"]
[WhiteElo "1870"]
[BlackElo "1760"]
[PlyCount "23"]

1.d4 d5 2.c4 Nc6 3.cxd5 Qxd5 4.Nf3 Bg4 5.Nc3 Qd8 6.d5 Bxf3 7.exf3 Ne5 8.
Bf4 Ng6 9.Bb5+ c6 10.dxc6 Qxd1+ 11.Rxd1 bxc6 12.Bxc6# 1-0

[Event "R5-Vic/Condom"]
[Site "?"]
[Date "2003.01.19"]
[Round "6.4"]
[White "Alegret, Jean Pierre"]
[Black "Susini, Yannick"]
[Result "1-0"]
[WhiteElo "1199"]
[BlackElo "1600"]
[EventDate "2002.12.22"]
[PlyCount "79"]
[SourceDate "2002.12.17"]

1.e4 e5 2.Nf3 Nc6 3.Bb5 Nf6 4.O-O Nxe4 5.Re1 d5 6.d3 f5 7.dxe4 fxe4 8.Nxe5
Bd7 9.Qh5+ g6 10.Nxg6 Rg8 11.Ne5+ Ke7 12.Bg5+ Rxg5 13.Qxg5+ Ke8 14.Qh5+ 
Ke7 15.Qxh7+ Ke6 16.Qxd7+ Qxd7 17.Nxd7 Kxd7 18.Nd2 Bb4 19.c3 Bc5 20.c4 a6 
21.cxd5 axb5 22.dxc6+ bxc6 23.Rxe4 Rf8 24.Nf3 Bd6 25.Rae1 Ra8 26.a3 c5 27.
Ne5+ Ke6 28.Nc4+ Kd5 29.Nxd6 cxd6 30.Re8 Ra4 31.Rd1+ Kc4 32.Re3 b4 33.b3+ 
Kb5 34.bxa4+ Kc4 35.Rc1+ Kd4 36.a5 bxa3 37.a6 a2 38.a7 d5 39.a8=Q a1=Q 40.
Qxa1# 1-0

[Event "R5-A-CATE/Fleurance"]
[Site "?"]
[Date "2003.01.19"]
[Round "2.4"]
[White "Bouyt, Bernard"]
[Black "Pouvreau, David"]
[Result "1/2-1/2"]
[WhiteElo "1740"]
[BlackElo "2030"]
[EventDate "2002.12.22"]
[PlyCount "25"]
[SourceDate "2002.12.17"]

1.e4 e5 2.Nf3 Nc6 3.Bc4 Bc5 4.c3 Nf6 5.d4 exd4 6.cxd4 Bb4+ 7.Bd2 Nxe4 8.
Bxb4 Nxb4 9.Bxf7+ Kxf7 10.Qb3+ d5 11.Qxb4 Re8 12.O-O c6 13.Nbd2 1/2-1/2

[Event "R5-A-CATE/Fleurance"]
[Site "?"]
[Date "2003.01.19"]
[Round "6.4"]
[White "Pedica, Jerome"]
[Black "Hoetzel, Guillaume"]
[Result "1-0"]
[WhiteElo "1400"]
[BlackElo "1499"]
[EventDate "2002.12.22"]
[PlyCount "97"]
[SourceDate "2002.12.17"]

1.d4 d5 2.Nf3 Nc6 3.Bf4 Bf5 4.e3 e6 5.Bb5 Bd6 6.Ne5 Bxe5 7.Bxc6+ bxc6 8.
Bxe5 Nf6 9.Nd2 O-O 10.f3 Nd7 11.Bf4 f6 12.g4 Bg6 13.Nb3 e5 14.Bg3 Re8 15.
Qd2 Qe7 16.O-O-O Bf7 17.Rde1 Rab8 18.Qc3 Rb6 19.h4 Reb8 20.f4 e4 21.f5 Nf8
22.Bf4 Qd7 23.h5 h6 24.Reg1 Nh7 25.Nc5 Qe8 26.Bxc7 Rxb2 27.Bxb8 Rxb8 28.
Na6 Rb6 29.Nb4 Ng5 30.a4 Qb8 31.Nxc6 Qc7 32.Ne7+ Qxe7 33.a5 Rb7 34.Qc8+ 
Kh7 35.a6 Qa3+ 36.Kd1 Qa1+ 37.Ke2 Qxa6+ 38.Kf2 Qb6 39.Rb1 Rc7 40.Rxb6 Rxc8
41.Rb7 Rxc2+ 42.Kg3 Ra2 43.Rb8 Ra3 44.Re1 Nf3 45.Rc1 Nxd4 46.Rcc8 g6 47.
hxg6+ Bxg6 48.Rb7+ Bf7 49.Rxf7# 1-0

[Event "R5-A-Fleurance/CATE"]
[Site "?"]
[Date "2003.01.19"]
[Round "5.4"]
[White "Couget, Fabrice"]
[Black "Bacque, Bernard"]
[Result "0-1"]
[WhiteElo "1499"]
[BlackElo "1530"]
[EventDate "2002.12.22"]
[PlyCount "134"]
[SourceDate "2002.12.17"]

1.c4 c5 2.Nc3 Nc6 3.g3 g6 4.Bg2 Bg7 5.e3 Nf6 6.Nge2 d6 7.O-O O-O 8.Nf4 Bd7
9.Nfd5 e6 10.Nf4 a6 11.d4 Qc7 12.b3 Rad8 13.Ba3 Rfe8 14.Rc1 b6 15.d5 exd5 
16.Ncxd5 Nxd5 17.Nxd5 Qb8 18.Rc2 Ne7 19.Bb2 Nxd5 20.Bxd5 Be6 21.Bxg7 Kxg7 
22.Qd3 b5 23.Re1 bxc4 24.Rxc4 Bf5 25.e4 Be6 26.Rd1 Qb6 27.Ra4 Qb5 28.Rxa6 
Qb4 29.a3 Qb8 30.Ra8 Qc7 31.Rxd8 Rxd8 32.Qa6 Qe7 33.Bxe6 Qxe6 34.Qb7 c4 
35.bxc4 Qxc4 36.Qb4 Qxb4 37.axb4 Kf6 38.f4 Ke6 39.Rd5 f5 40.Rd4 Rb8 41.Kf2
Rb7 42.Ke3 fxe4 43.Kxe4 Rb5 44.Kd3 d5 45.Ke3 Kf5 46.Kf3 h5 47.h3 Ke6 48.
Ke3 Kf5 49.Kd3 g5 50.fxg5 Kxg5 51.Kc3 Kf5 52.Kb3 Ke6 53.Ka4 Rb8 54.b5 Ke5 
55.Rd1 d4 56.g4 hxg4 57.hxg4 Ke4 58.g5 d3 59.g6 Ke3 60.Ka5 Ke2 61.Ka6 Kxd1
62.b6 Kc2 63.Ka7 Rg8 64.b7 d2 65.b8=Q Rxb8 66.Kxb8 d1=Q 67.g7 Qg4 0-1

[Event "R5-A-CATE/Fleurance"]
[Site "?"]
[Date "2003.01.19"]
[Round "4.4"]
[White "Dufor, Jean-Francois"]
[Black "Tauziede, Jean Pierre"]
[Result "0-1"]
[WhiteElo "1550"]
[BlackElo "1540"]
[EventDate "2002.12.22"]
[PlyCount "114"]
[SourceDate "2002.12.17"]

1.e4 e6 2.Nf3 d5 3.exd5 exd5 4.d4 Bd6 5.Bd3 Bg4 6.O-O Nc6 7.c3 Qd7 8.Nbd2 
O-O-O 9.b4 Nf6 10.b5 Ne7 11.b6 cxb6 12.Qb3 Nc6 13.Bb5 Qc7 14.Bxc6 bxc6 15.
c4 dxc4 16.Nxc4 Bxf3 17.Nxd6+ Qxd6 18.Qxf3 Qd5 19.Qh3+ Kb7 20.Be3 Qe4 21.
a4 Qg4 22.Qg3 Qxg3 23.hxg3 Rd5 24.Rfb1 Ng4 25.a5 b5 26.a6+ Kc8 27.Rc1 Kd7 
28.Rc2 Nxe3 29.fxe3 Rb8 30.Kf2 b4 31.Rb2 Kd6 32.Rab1 Rdb5 33.e4 f6 34.g4 
c5 35.dxc5+ Kxc5 36.Ke3 Kd6 37.Rd1+ Ke6 38.Rd4 b3 39.Rc4 Ra5 40.Rc3 Rxa6 
41.Rbxb3 Rxb3 42.Rxb3 Rb6 43.Ra3 a6 44.Kd4 Rc6 45.g3 g6 46.Ra5 h6 47.e5 f5
48.gxf5+ gxf5 49.Ke3 Kf7 50.Kf4 Kg6 51.Rd5 h5 52.Kf3 Kg5 53.Rd3 a5 54.Re3 
Re6 55.Ke2 Kg4 56.Kd2 f4 57.gxf4 Kxf4 0-1

[Event "R5-A-Fleurance/CATE"]
[Site "?"]
[Date "2003.01.19"]
[Round "1.4"]
[White "Kuzev, Jordan"]
[Black "Xuereb, Michel"]
[Result "1-0"]
[WhiteElo "2239"]
[BlackElo "1740"]
[EventDate "2002.12.22"]
[PlyCount "61"]
[SourceDate "2002.12.17"]

1.e4 c5 2.Nc3 e6 3.Nge2 Nc6 4.h3 Be7 5.g3 Nf6 6.Bg2 a6 7.O-O d6 8.d3 Bd7 
9.g4 h6 10.Be3 Qc7 11.f4 O-O-O 12.a3 Rdg8 13.Rb1 a5 14.Nb5 Qb8 15.c4 Ne8 
16.d4 b6 17.d5 Na7 18.Nbc3 Nc7 19.b4 axb4 20.axb4 Na6 21.bxc5 dxc5 22.e5 
Bd8 23.Ne4 Bc7 24.N2c3 Re8 25.d6 Bd8 26.Nxc5 Nxc5 27.Bxc5 Reg8 28.Be3 g6 
29.c5 b5 30.Nxb5 Bxb5 31.d7+ 1-0

[Event "R5-A-CEIT/Muret Gambit"]
[Site "?"]
[Date "2003.01.19"]
[Round "2.4"]
[White "Favarel, Alexis"]
[Black "Rahal, Sami Antoine"]
[Result "0-1"]
[WhiteElo "1500"]
[BlackElo "1690"]
[EventDate "2002.12.22"]
[PlyCount "58"]
[SourceDate "2002.12.17"]

1.e4 b6 2.d4 Bb7 3.Nc3 e6 4.Nf3 Nf6 5.Bg5 h6 6.Bxf6 Qxf6 7.e5 Qd8 8.Bd3 c5
9.O-O cxd4 10.Nxd4 a6 11.Qg4 g5 12.Ne4 Bxe4 13.Bxe4 Ra7 14.f4 d5 15.Bd3 
Bc5 16.c3 Nc6 17.b4 Nxb4 18.Be2 Nc2 19.Rad1 Ne3 20.Qh5 Nxd1 21.Rxd1 gxf4 
22.Kh1 Bxd4 23.Rxd4 Qg5 24.Qf3 Qxe5 25.Rxf4 b5 26.Rd4 Rc7 27.Rd3 Rg8 28.
Re3 Qg5 29.Qf2 d4 0-1

[Event "R5-A-CEIT/Muret Gambit"]
[Site "?"]
[Date "2003.01.19"]
[Round "6.4"]
[White "Arnould, Francoise"]
[Black "Le Digabel, Patrick"]
[Result "0-1"]
[WhiteElo "1230"]
[BlackElo "1480"]
[EventDate "2002.12.22"]
[PlyCount "75"]
[SourceDate "2002.12.17"]

1.Nf3 e6 2.c4 d5 3.e3 Nf6 4.Nc3 c6 5.g3 Be7 6.d3 O-O 7.Bg2 Re8 8.O-O Qc7 
9.Re1 e5 10.cxd5 cxd5 11.Qb3 e4 12.dxe4 dxe4 13.Nd2 Be6 14.Qc2 Nbd7 15.Qb1
Bb4 16.Bxe4 Bxc3 17.bxc3 Qxc3 18.Qb2 Qc7 19.Rb1 Nxe4 20.Nxe4 Bf5 21.f3 b6 
22.Qd4 Rad8 23.Rb4 Ne5 24.Qb2 Nxf3+ 25.Kf2 Nxe1 26.Kxe1 Bxe4 27.Bd2 Qc2 
28.Qxc2 Bxc2 29.Rg4 Rd7 30.e4 Rxe4+ 31.Rxe4 Bxe4 32.a3 Rc7 33.Bf4 Rc2 34.
g4 g6 35.h4 Rc3 36.Bd6 f5 37.gxf5 gxf5 {(50 coups)} 0-1

[Event "R5-A-Muret Gambit/CEIT"]
[Site "?"]
[Date "2003.01.19"]
[Round "5.4"]
[White "Callejon, Bernard"]
[Black "Pueyo, Jean Luc"]
[Result "1-0"]
[WhiteElo "1500"]
[BlackElo "1440"]
[EventDate "2002.12.22"]
[PlyCount "109"]
[SourceDate "2002.12.17"]

1.d4 d5 2.c4 e6 3.Nc3 Nf6 4.Nf3 Be7 5.Qc2 Nc6 6.a3 a6 7.e4 dxc4 8.Be3 b5 
9.Rd1 Bb7 10.d5 exd5 11.Nxd5 Bd6 12.Bg5 h6 13.Bxf6 gxf6 14.Be2 Ne5 15.O-O 
c6 16.Ne3 Qc7 17.Nxe5 fxe5 18.Bg4 Bc8 19.Bxc8 Rxc8 20.Rd2 Rd8 21.Nf5 Be7 
22.Rxd8+ Bxd8 23.Rd1 Bf6 24.b3 cxb3 25.Qxb3 Bd8 26.Qc2 c5 27.Rd5 c4 28.Qc3
f6 29.Qd2 h5 30.Rd6 Qa5 31.Qxa5 Bxa5 32.Rxa6 Bc3 33.Ra8+ Kf7 34.Rxh8 Bb2 
35.Rb8 c3 36.Ne3 Bxa3 37.Rxb5 Kg6 38.f3 Bc1 39.Nc2 Kg5 40.g3 Kg6 41.Kg2 
Kg5 42.Rd5 Kg6 43.Kh3 Kh6 44.g4 Kg5 45.gxh5 Kxh5 46.Rd1 Bd2 47.Rg1 Bf4 48.
Rg8 Bd2 49.Kg2 Bf4 50.h3 Bg5 51.Rh8+ Kg6 52.Kg3 Bf4+ 53.Kg4 Kg7 54.Rc8 Bd2
55.Kf5 1-0

[Event "Millau-Ste Foy"]
[Site "?"]
[Date "2003.01.19"]
[Round "4"]
[White "Pelissier, Daniel"]
[Black "Croux, Laurent"]
[Result "0-1"]
[WhiteElo "1360"]
[BlackElo "1680"]
[EventDate "2003.??.??"]
[PlyCount "54"]

1.d4 Nf6 2.Nf3 e6 3.Nc3 d5 4.Bg5 Be7 5.e3 h6 6.Bh4 Ne4 7.Bxe7 Qxe7 8.Nxe4 
dxe4 9.Ne5 O-O 10.Be2 Qb4+ 11.c3 Qxb2 12.O-O Nd7 13.Nc4 Qxc3 14.Rc1 Qb4 
15.Nd2 c5 16.Nxe4 cxd4 17.Rc4 Qb2 18.Rxd4 Qxa2 19.Bc4 Qa5 20.Rxd7 Bxd7 21.
Qxd7 Qb4 22.Qd3 Rad8 23.Qc2 Rc8 24.Rc1 b5 25.Nd2 bxc4 26.Rb1 Qc5 27.Rb4 
Qxb4 0-1

[Event "Millau-Ste Foy"]
[Site "?"]
[Date "2003.01.19"]
[Round "4"]
[White "Carriere, Jean-Philippe"]
[Black "Peterka, Alojz"]
[Result "1-0"]
[WhiteElo "1949"]
[BlackElo "1640"]
[EventDate "2003.??.??"]
[PlyCount "85"]

1.e4 e6 2.d4 d5 3.e5 c5 4.c3 Nc6 5.Nf3 a6 6.a3 b5 7.b4 cxd4 8.cxd4 Bd7 9.
Bb2 Nge7 10.Nbd2 Nf5 11.Nb3 Be7 12.Bd3 Qb8 13.O-O O-O 14.Nc5 Bxc5 15.bxc5 
Nce7 16.Ng5 Ng6 17.Qh5 Nh6 18.f4 Qe8 19.g4 f5 20.gxf5 exf5 21.Bc3 Nh8 22.
Qxe8 Rfxe8 23.Ba5 N8f7 24.Nxf7 Nxf7 25.c6 Bxc6 26.Bxf5 g6 27.Bh3 Nh6 28.
Rac1 Bb7 29.Bd7 Rf8 30.Be6+ Kh8 31.Rc7 Bc8 32.Bxd5 Rb8 33.Bb3 Nf5 34.d5 
Ne3 35.Rf3 Nc4 36.Bc3 Kg8 37.e6 Rb7 38.Rxb7 Bxb7 39.Rd3 Rxf4 40.d6 Rg4+ 
41.Rg3 Rxg3+ 42.hxg3 Nxd6 43.e7+ 1-0